Hố lượng tử - vật lý và điện tử học của các hệ hai chiều

Zapisane w:
Opis bibliograficzny
1. autor: A YA SHIK
Format: Książka
Język:Undetermined
Wydane: H. KHKT 2002
Hasła przedmiotowe:
Etykiety: Dodaj etykietę
Nie ma etykietki, Dołącz pierwszą etykiete!
Thư viện lưu trữ: Trung tâm Học liệu Trường Đại học Cần Thơ
LEADER 00515nam a2200169Ia 4500
001 CTU_50180
008 210402s9999 xx 000 0 und d
082 |a 537 
082 |b S556 
100 |a A YA SHIK 
245 0 |a Hố lượng tử - vật lý và điện tử học của các hệ hai chiều 
245 2 |c A YA SHIK, LÊ TUẤN 
260 |a H. 
260 |b KHKT 
260 |c 2002 
650 |a electricity and electronics 
980 |a Trung tâm Học liệu Trường Đại học Cần Thơ